000 00188nam a22000857a 4500
999 _c259637
_d259636
020 _a014200174
245 _aTHE SECRET LIFE OF BEES
260 _aENGLAND
_bVIKING PENGUIN
_c2002
942 _cBK